000 00306 a2200145 4500
001 155885
040 _cEscola São Tomás de Aquino
100 _aCARRARO, Fernando
240 1 0 _aSaúde e vida
_lpor
245 1 0 _aSaúde e vida
300 _a47
362 0 _a2011
697 _aCIÊNCIAS
942 _cBK
999 _c155885
_d155885